000 00638nam a22002172 4500
001 20278
003 BD-RjUL
005 20211209000537.0
008 140227s1954 enka 000 1 eng d
035 _aOCLC ocm19371989 from D961030M
_a(BD-RjUL)20340
040 _aEEM
_cEEM
_dEQO
_dBD-RjUL
_beng
041 _aeng
082 0 4 _bSHO 1954
_a823.08
090 _aPZ1.J4
_bS47
245 1 0 _aShort stories by modern writers /
_cR W Jepson.
260 _aLondon ;
_aNew York :
_bLongmans, Green,
_c1954.
300 _a223 p. :
_bills. ;
_c17 cm.
650 0 _aShort stories.
_962489
700 1 _aJepson, Rowland Walter,
_92782
942 _2ddc
_cBK
999 _c20278
_d20278